000
00355nam a2200157Ia 4500
003
OSt
005
20240123113347.0
008
170524s9999 xx 000 0 und d
020
_a
978-9351610120
040
_c
IIMT UNIVERSITY
100
_a
Gupta-S.p
100
_c
2005
245
0
_a
Business Statistics
260
_a
SULTAN CHAND SONS
942
_2
ddc
_c
02
999
_c
2345
_d
2345